Pokémon - Les attaques de Tic - Statistiques

Statistiques générales
  • Ce quiz a été pris 11 fois
  • Le résultat moyen est 12 sur 14
Statistiques - réponses
Niveaux Types Noms des attaques % Correct
Niveau 8 Électrique Chargeur
100%
Niveau 40 Acier Chgt Vitesse
100%
Départ Électrique Éclair
100%
Niveau 44 Électrique Élecanon
100%
Niveau 28 Normal Grincement
100%
Niveau 32 Acier Lancécrou
100%
Niveau 16 Acier Strido-Son
100%
Niveau 48 Normal Ultralaser
100%
Niveau 20 Acier Allègement
83%
Niveau 24 Électrique Coup d'Jus
83%
Niveau 12 Électrique Rayon Chargé
83%
Niveau 36 Normal Verrouillage
67%
Niveau 4 Normal Étreinte
33%
Départ Normal Force Poigne
17%
Aucun quiz correspondant
Distribution des résultats
% des personnes avec chaque résultat
Percentile par nombre de réponses
Votre historique - résultats
Vous n’avez pas pris ce quiz